Chemical process safety: learning from case histories

Salvato in:
Dettagli Bibliografici
Autore principale: Sanders, Roy E (Autore)
Natura: Libro
Lingua:inglese
Pubblicazione: Boston Butterworth Heinemann 1999
Soggetti:
Tags: Aggiungi Tag
Nessun Tag, puoi essere il primo ad aggiungerne!!

MARC

LEADER 00000nam a2200000 a 4500
001 UCP9143
003 CL-VaPUC
008 000317e19990000US |||||||||||||||||eng|d
082 0 4 |a 660.2  |b SAN  |2 21 
100 0 |a Sanders, Roy E  |e author  |9 439536 
245 1 0 |a Chemical process safety: learning from case histories 
300 |a 289 p 
942 |c BK 
945 |d 20000317 00:00:00  |a vberengu 
260 |a Boston  |b Butterworth Heinemann  |c 1999 
650 0 |a Medidas de seguridad  |9 264085 
650 0 |a Procesos químicos  |9 259436 
650 0 |a Seguridad  |9 354178 
583 |a last modification  |c 20000317 00:00:00  |k Rodrigo Vera 
999 |c 285989  |d 285987 
952 |0 0  |1 0  |4 0  |6 660_200000000000000_SAN_1999  |7 0  |8 A  |9 330960  |a BIBING  |b BIBING  |d 2019-11-20  |i 359288K  |o 660.2 SAN 1999  |p 359288K  |r 2023-03-02  |w 2019-11-20  |y BK  |k EIQ